Sublime Multi choice quiz - Statistics

General Stats
  • This quiz has been taken 87 times
  • The average score is 8 of 15
Answer Stats
Question Answer % Correct
Who was the lead singer for Sublime Bradley Nowell
92%
Where did Sublime originate from Long Beach, California
90%
What song do these lyrics come from "Daddy's got a new Forty-Five" Santeria
80%
What song do these lyrics come from "Cause you might get run over, or you might get shot" What I got
80%
What song do these lyrics come from "Stolen from an African land, Chased out with a knife" Don't push
61%
What was the final Sublime album Sublime
59%
Who was the bassist for sublime Eric Wilson
57%
What song do these lyrics come from "She takes her time when it's time to get ready" Slow ride
51%
What year did Bradley Nowell pass away 1996
47%
Who was the drummer for sublime Bud Gaugh
47%
Who didn't have a part in the newest Sublime song "Feel like That" Rome
43%
What year did Sublime form 1988
39%
What song do these lyrics come from "I don't want to take the doggie for a walk," Burritos
31%
What song originally put sublime on the map Date rape
31%
What was the first studio album released by Sublime 40oz to freedom
25%
No matching quizzes found
Score Distribution
Percent of People with Each Score
Percentile by Number Answered
Your Score History
You have not taken this quiz